000 00260nam a2200097Ia 4500
001 724933
005 20250826163359.0
008 250824s9999 xx 000 0 und d
245 0 _aMAYALARIN MASKESİ
_cYazar Adı Belirtilmemiş
260 _bBEYAZ BALİNA YAYINLARI
999 _c724933
_d724933